zpět

Detail výsledku týmu

U Buriana, Třinec

Datum a čas kvízu

29 Celkem bodů Celkový počet nahraných bodů na tomto kvízu bez doplňovacích otázek.
7. Pořadí na kvízu Konečné umístění týmu na tomto kvízu.

Zaznamenané odpovědi

# Otázka Odpověď Body Výsledky
1. Vláda schválila nový významný... 30. březen 0
2. Na Světovém ekonomickém fóru v... Václava Havla 1
3. „Mí rodiče celý můj život kont... Beckhamových 1
4. V pondělí opustila přísně stře... Předmostecká/Předmostí 0
5. Která tenistka zaujala při vst... Naomi Ósaka 0
6. Jak se jmenuje horolezec, jenž... Radek Jaroš 1
7. Jak se trojslovně jmenuje disc... lezení na obtížnost 0
8. Jak se jedním slovem nazývá ho... mačky 1
9. Po půl bodu můžete získat, kdy... El Capitan, Yosemite 1
10. Jak se jmenuje fenomenální slo... B) Janja Garnbret 0